Business and economic statistics (Record no. 215391)
[ view plain ]
| 000 -LEADER | |
|---|---|
| fixed length control field | 00917 a2200181 4500 |
| 003 - CONTROL NUMBER IDENTIFIER | |
| control field | Nust |
| 005 - DATE AND TIME OF LATEST TRANSACTION | |
| control field | 20230620135035.0 |
| 020 ## - INTERNATIONAL STANDARD BOOK NUMBER | |
| International Standard Book Number | 0256001197 |
| 040 ## - CATALOGING SOURCE | |
| Transcribing agency | Nust |
| 082 ## - DEWEY DECIMAL CLASSIFICATION NUMBER | |
| Classification number | 310,MAS |
| 100 ## - MAIN ENTRY--PERSONAL NAME | |
| Personal name | Mason, Robert |
| 9 (RLIN) | 113167 |
| 245 ## - TITLE STATEMENT | |
| Title | Business and economic statistics |
| Remainder of title | programmed learning aid / |
| Statement of responsibility, etc. | Robert Mason |
| 260 ## - PUBLICATION, DISTRIBUTION, ETC. | |
| Place of publication, distribution, etc. | U S A |
| Name of publisher, distributor, etc. | Irwin dorsey Limited |
| Date of publication, distribution, etc. | 1978 |
| 300 ## - PHYSICAL DESCRIPTION | |
| Extent | xi,166. p.; |
| 505 ## - FORMATTED CONTENTS NOTE | |
| Formatted contents note | Introduction (Page-1) The Collection and presentation of statistical data (Page-5) Frequency distributions (Page-13) Measures of central tendency (page-22) Probability distributions (page-51) An introduction to sampling (page-63) Statistical decision theory (Page-77) Bayes, theorem and decision making (page-95) chi-square (Page-102) Simple regression and correlation (Page-118) Multiple correlation and regression (Page-126) Time series analysis (Page-135). |
| 650 ## - SUBJECT ADDED ENTRY--TOPICAL TERM | |
| Topical term or geographic name entry element | statistics |
| 9 (RLIN) | 69 |
| 942 ## - ADDED ENTRY ELEMENTS (KOHA) | |
| Source of classification or shelving scheme | |
| Koha item type | Book |
| Withdrawn status | Lost status | Source of classification or shelving scheme | Damaged status | Not for loan | Permanent Location | Current Location | Shelving location | Date acquired | Full call number | Barcode | Date last seen | Price effective from | Koha item type | Public note |
|---|---|---|---|---|---|---|---|---|---|---|---|---|---|---|
| Military College of Signals (MCS) | Military College of Signals (MCS) | General Stacks | 12/12/2016 | 310,MAS | MCS22286 | 12/08/2016 | 12/12/2016 | Book | Almirah No.81, Shelf No.5 | |||||
| Military College of Signals (MCS) | Military College of Signals (MCS) | General Stacks | 12/12/2016 | 310,MAS | MCS5204 | 12/08/2016 | 12/12/2016 | Book | Almirah No.81, Shelf No.5 |
